Formula One Constructors Starting With M - Statistics

General Stats
  • This quiz has been taken 20 times
  • The average score is 7 of 15
Answer Stats
Seasons Races Constructor % Correct
1966– 998 McLaren
88%
1954–1955, 2010– 341 Mercedes
88%
2012–2015 74 Marussia
81%
1985–2005 346 Minardi
75%
1950–1960 73 Maserati
56%
2006 18 Midland
56%
2016 21 Manor
50%
1970–1978, 1981–1982, 1987–1989, 1992 208 March
44%
1967–1972 61 Matra
38%
1978–1979 31 Merzario
25%
1991 16 Modena Team (Lambo)
25%
1974–1976 8 Maki
19%
1978 7 Martini
13%
1950 1 Milano
13%
1977 1 McGuire
6%
No matching quizzes found
Score Distribution
Percent of People with Each Score
Percentile by Number Answered
Your Score History
You have not taken this quiz